[Event "XXIII Belgrade Trophy"]
[Site "Obrenovac SRB"]
[Date "2010.11.26"]
[Round "3.45"]
[White "Trujillo Alvarado,I"]
[Black "Krstonijevic,S"]
[Result "0-1"]
[WhiteElo "2208"]
[BlackElo "1998"]

1.d4 d5 2.c4 c6 3.e3 Nf6 4.Nc3 e6 5.Nf3 Nbd7 6.Qc2 Bd6 7.b3 b6 8.Be2 Bb7
9.O-O O-O 10.Bb2 Rc8 11.e4 dxe4 12.Nxe4 Nxe4 13.Qxe4 Re8 14.Rad1 Qc7 15.Bd3 Nf8
16.Qg4 f6 17.Rfe1 Qf7 18.a3 a5 19.Nd2 f5 20.Qe2 c5 21.Nf3 Qg6 22.g3 Nd7 23.Ne5 Nxe5
24.dxe5 Bb8 25.Qe3 Red8 26.Bf1 Qg4 27.Rxd8+ Rxd8 28.Bg2 Bxg2 29.Kxg2 Qg6
30.Re2 Qe8 31.Rd2 Rd7 32.Bc3 Qd8 33.f3 Kf7 34.Kf2 Rxd2+ 35.Bxd2 Qd4 36.Ke2 Bxe5
37.Qg5 h6 38.Qh5+ Ke7 39.f4 Qe4+ 40.Kd1 Bd4 41.b4 axb4 42.axb4 Qb1+ 43.Ke2 Qc2  0-1

[Event "WY U-16 Olympiad"]
[Site "Burdur TUR"]
[Date "2010.11.27"]
[Round "1"]
[White "Ferreira,Jor1"]
[Black "Du Toit,S"]
[Result "1-0"]
[WhiteElo "2359"]
[BlackElo "1673"]

1.Nf3 d5 2.d4 Nf6 3.c4 e6 4.Nc3 c6 5.e3 Bd6 6.Bd3 O-O 7.O-O Nbd7 8.Qc2 e5
9.cxd5 cxd5 10.e4 exd4 11.Nxd5 Nxd5 12.exd5 Ne5 13.Bxh7+ Kh8 14.Nxe5 Bxe5
15.f4 Bd6 16.Bd3 Bd7 17.Qf2 Qf6 18.Bd2 Rac8 19.Qf3 Qh6 20.h3 g6 21.Rad1 Qh4
22.f5 g5 23.Be1 Qh6 24.Bf2 f6 25.Bxd4 Kg7 26.Rde1 Be8 27.Re6 Rd8 28.Rfe1 Bh5
29.Qe4 Rde8 30.Bc3 g4 31.Bb5 gxh3 32.Bxe8 Bxe8 33.Qg4+ Kh7 34.Rxe8 Rxe8 35.Qg6+  1-0

[Event "Kilkenny Masters"]
[Site "Kilkenny IRL"]
[Date "2010.11.27"]
[Round "3"]
[White "Orr,M"]
[Black "Baburin,A"]
[Result "0-1"]
[WhiteElo "2264"]
[BlackElo "2539"]

1.c4 e6 2.d4 d5 3.Nc3 c6 4.e3 Nf6 5.Nf3 Nbd7 6.b3 Bb4 7.Bd2 O-O 8.Be2 Qe7
9.O-O dxc4 10.bxc4 e5 11.dxe5 Nxe5 12.Nxe5 Qxe5 13.Qb3 Bd6 14.g3 h5 15.Rfe1 h4
16.Bf3 Bg4 17.Bg2 Rad8 18.e4 Qh5 19.Be3 Bf3 20.Bxf3 Qxf3 21.Qd1 Qxd1 22.Raxd1 Bb4
23.Rxd8 Rxd8 24.Rd1 Re8 25.Rc1 Bxc3 26.Rxc3 Nxe4 27.Rb3 hxg3 28.hxg3 b6 29.Kg2 c5
30.Rd3 Re7 31.Rd8+ Kh7 32.Kf3 Kg6 33.Ke2 Nc3+  0-1

[Event "BNBank Gp2"]
[Site "Oslo NOR"]
[Date "2010.11.27"]
[Round "10"]
[White "Agdestein,S"]
[Black "Hobber,A"]
[Result "1/2-1/2"]
[WhiteElo "2570"]
[BlackElo "2196"]

1.d4 d5 2.c4 c6 3.Nc3 Nf6 4.Nf3 e6 5.e3 Nbd7 6.Bd3 dxc4 7.Bxc4 Bd6 8.O-O O-O
9.e4 e5 10.Bg5 h6 11.Bh4 Qe7 12.Re1 b5 13.Bb3 Bb7 14.Bg3 Rad8 15.Qc2 a6 16.Rad1 c5
17.dxc5 Bxc5 18.Nd5 Nxd5 19.Bxd5 Bc8 20.Rc1 Bd6 21.Bh4  1/2-1/2

[Event "National Chess Congress"]
[Site "Philadelphia USA"]
[Date "2010.11.27"]
[Round "4"]
[White "Zenyuk,I"]
[Black "Ravichandran,Siddharth"]
[Result "0-1"]
[WhiteElo "2244"]
[BlackElo "2463"]

1.d4 d5 2.c4 e6 3.Nc3 c6 4.Nf3 Nf6 5.e3 Nbd7 6.Qc2 Bd6 7.b3 O-O 8.Bb2 b6
9.Be2 Bb7 10.O-O Qe7 11.Rad1 Rac8 12.Qb1 c5 13.Rfe1 Rfd8 14.cxd5 exd5 15.dxc5 bxc5
16.Qf5 h6 17.Bd3 Qe6 18.Qxe6 fxe6 19.e4 Bb8 20.exd5 exd5 21.Nh4 Re8 22.Nf5 Kf8
23.Ba3 Rxe1+ 24.Rxe1 Ne5 25.Bf1 g6 26.f4 gxf5 27.fxe5 Ne4 28.Bb2 Ke7 29.Ne2 d4
30.Ng3 Ke6 31.Bc1 Bxe5 32.Bxh6 Kf6 33.Bd3 Bxg3 34.hxg3 Nxg3 35.Bf4 Ne4 36.Kf1 Rh8
37.Ke2 Rg8 38.Kf1 Bd5 39.Rc1 Nc3 40.Rc2 Be4 41.Bxe4 fxe4 42.g3 Ke6 43.Rh2 Kd5
44.Rh5+ Kc6 45.a4 e3 46.Rh6+ Kd5 47.Rh5+ Ke4 48.Rxc5 Nd5 49.Rc6 Nxf4 50.gxf4 Kf3  0-1

[Event "WY U-16 Olympiad"]
[Site "Burdur TUR"]
[Date "2010.11.28"]
[Round "2"]
[White "Komut,B"]
[Black "Aripov,I"]
[Result "1/2-1/2"]
[WhiteElo "2002"]
[BlackElo "2103"]

1.d4 d5 2.c4 c6 3.Nc3 Nf6 4.Nf3 e6 5.e3 Nbd7 6.Qc2 Bd6 7.b3 O-O 8.Be2 e5
9.cxd5 cxd5 10.Nb5 Bb4+ 11.Bd2 Bxd2+ 12.Nxd2 exd4 13.Nxd4 Ne5 14.O-O Bd7
15.Rac1 Nc6 16.Qb2 Qb6 17.N2f3 a5 18.a3 Rac8 19.Bd3 Ne4 20.Rfd1 Bg4 21.Re1 Bxf3
22.Nxf3 Nc5 23.Bf5 Rcd8 24.Qc2 Ne4 25.Rcd1 Rfe8 26.Nd4 g6 27.Bxe4 Nxd4 28.Rxd4 dxe4
29.Red1 Rxd4 30.Rxd4 Qe6 31.h3 Rc8 32.Qd2 Qxb3 33.Rd8+ Rxd8 34.Qxd8+ Kg7
35.Qxa5 b5 36.Qa8 Qd1+ 37.Kh2 Qa4 38.Qd5 Qxa3 39.Qxb5 Qd6+  1/2-1/2

[Event "11th Puhajarve Rapid"]
[Site "Harjumaa EST"]
[Date "2010.11.28"]
[Round "26"]
[White "Korchnoi,V"]
[Black "Soot,M"]
[Result "1/2-1/2"]
[WhiteElo "2548"]
[BlackElo "2105"]

1.Nf3 d5 2.d4 Nf6 3.c4 e6 4.Nc3 c6 5.e3 Be7 6.Bd3 Nbd7 7.O-O O-O 8.e4 dxe4
9.Nxe4 Nxe4 10.Bxe4 Nf6 11.Bc2 h6 12.Be3 b6 13.Qd3 Bb7 14.Ne5 Re8 15.Ng4 Qc7
16.Nxf6+ Bxf6 17.Qh7+ Kf8 18.c5 Rad8 19.Rad1 Ke7 20.Qe4 Qd7 21.Bf4 Qd5 22.Bd6+ Kd7
23.Qe2 Kc8 24.Be4 Qg5 25.f4 Qh4 26.g3 Qh3 27.Bg2 Qf5 28.g4 Qh7 29.cxb6 Rxd6
30.bxa7 Rxd4 31.Rc1 Qd3 32.Rxc6+ Kd7 33.Qxd3 Rxd3 34.Rfc1 Bd4+ 35.Kf1 Ba8
36.Rc7+ Kd6 37.Rc8 Rxc8 38.Rxc8 Bxg2+ 39.Kxg2 Rd2+ 40.Kg3 Rd3+ 41.Kg2 Rd2+
42.Kh3 Rd3+ 43.Kg2 Rd2+  1/2-1/2

[Event "11th Puhajarve Rapid"]
[Site "Harjumaa EST"]
[Date "2010.11.28"]
[Round "31"]
[White "Nyback,T"]
[Black "Valgmae,Toomas"]
[Result "1-0"]
[WhiteElo "2650"]
[BlackElo "2190"]

1.d4 d5 2.c4 c6 3.Nf3 Nf6 4.e3 e6 5.Nc3 Nbd7 6.Qc2 Bd6 7.Bd3 O-O 8.O-O dxc4
9.Bxc4 e5 10.Bb3 Qe7 11.h3 h6 12.Nh4 Nb6 13.Ng6 Qe8 14.Nxf8 Bxf8 15.Ne4 Nfd5
16.Bd2 exd4 17.exd4 Qd8 18.Rfe1 Bf5 19.Qd1 Qc7 20.Qf3 Bg6 21.Qg3 Qd8 22.Nc5 Rb8
23.Rad1 Bd6 24.Qf3 Qh4 25.Ne4 Bc7 26.Nc3 Rd8 27.Nxd5 Nxd5 28.Bc1 Bb6 29.Bxd5 Rxd5
30.Bf4 Bxd4 31.Be3 Be4 32.Qf4 Qxf4 33.Bxf4 Bg6 34.Rd2 c5 35.Kf1 c4 36.Red1 Bd3+
37.Rxd3 cxd3 38.Rxd3 Rd8 39.Be3 Bb6 40.Rxd8+ Bxd8 41.Bxa7 Kf8 42.Bc5+ Ke8
43.Bd4 g6 44.Ke2 Kd7 45.Kd3 Kc6 46.Kc4 h5 47.a4 f5 48.b4  1-0

[Event "WY U-16 Olympiad"]
[Site "Burdur TUR"]
[Date "2010.11.29"]
[Round "4"]
[White "Nazarov,R"]
[Black "Aripov,I"]
[Result "0-1"]
[WhiteElo "2024"]
[BlackElo "2103"]

1.d4 d5 2.Nf3 c6 3.c4 Nf6 4.Nc3 e6 5.e3 Nbd7 6.b3 b6 7.Bd3 Bb7 8.O-O Be7
9.Bb2 O-O 10.Qc2 h6 11.Ne2 dxc4 12.bxc4 c5 13.Ne5 cxd4 14.exd4 Nxe5 15.dxe5 Nd7
16.Nf4 Qc7 17.Rae1 Nc5 18.Bc1 Rfd8 19.Bh7+ Kh8 20.Nh5 Qc6 21.f3 Qa4 22.Qxa4 Nxa4
23.Bc2 Nc5 24.Rd1 Ba6 25.Bb3 Nd3 26.g4 Nxe5 27.Bb2 f6 28.Bxe5 fxe5 29.Ng3 Bc5+
30.Kg2 Rd4 31.Rfe1 Rad8 32.Rc1 Rd2+ 33.Kh3 R8d3 34.Rxe5 Rxf3 35.Rxe6 Rff2
36.Nf1 Rf3+ 37.Ng3 Rff2 38.Nf1 Rd3+ 39.Ng3 Bb7 40.Rc2 Bg2+ 41.Kh4 Rdd2 42.Rxd2 Rxd2
43.Nf5 Bb7 44.Kh5 Kh7 45.h4 Re2 46.Rg6 Bf8 47.c5 bxc5 48.Bc4 Re5 49.Bd3 Bd5
50.Ra6 Bf7+  0-1

[Event "WY U-16 Olympiad"]
[Site "Burdur TUR"]
[Date "2010.11.29"]
[Round "5"]
[White "Vidit,S"]
[Black "Grigoryan,K2"]
[Result "0-1"]
[WhiteElo "2489"]
[BlackElo "2368"]

1.d4 d5 2.c4 c6 3.Nf3 Nf6 4.Nc3 e6 5.e3 Nbd7 6.Qc2 Bd6 7.Bd3 O-O 8.O-O dxc4
9.Bxc4 Qe7 10.e4 e5 11.h3 b5 12.Bd3 Re8 13.Be3 Bb7 14.Rae1 a6 15.dxe5 Bxe5
16.Nxe5 Nxe5 17.Be2 Ng6 18.f3 Nh5 19.Rf2 Nhf4 20.Bf1 Rad8 21.g3 Nh5 22.Kh2 c5
23.b3 f5 24.f4 fxe4 25.a4 b4 26.Nb1 Rc8 27.Rd1 Nf6 28.Rfd2 Rc6 29.Rf2 Bc8
30.Nd2 h5 31.Nc4 h4 32.g4 Bxg4 33.hxg4 Nxg4+ 34.Kh1 Nxf2+ 35.Qxf2 Rf8 36.Na5 Rd6
37.Bxc5 Rxd1 38.Bxe7 Rxf4 39.Qc5 Rfxf1+ 40.Kh2 Rh1+ 41.Kg2 Nf4+ 42.Kf2 Nd3+  0-1

[Event "XXIII Belgrade Trophy"]
[Site "Obrenovac SRB"]
[Date "2010.11.29"]
[Round "6.34"]
[White "Ratkovic,Miloj"]
[Black "Skare,G"]
[Result "1-0"]
[WhiteElo "2132"]
[BlackElo "2304"]

1.d4 d5 2.Nf3 Nf6 3.c4 c6 4.Nc3 e6 5.e3 Nbd7 6.Qc2 Bd6 7.Be2 dxc4 8.Bxc4 O-O
9.O-O e5 10.Rd1 Qe7 11.h3 Bc7 12.e4 Bb6 13.d5 Bc5 14.Bg5 h6 15.Bxf6 Qxf6
16.dxc6 bxc6 17.Na4 Bb6 18.Rac1 Re8 19.Bb3 Nb8 20.Qc3 Bc7 21.Nc5 g5 22.Nh2 Bb6
23.Qf3 Qxf3 24.Nxf3 Kg7 25.Nd3 f6 26.Nb4 Bb7 27.Ba4 Rc8 28.Rd6 Rc7 29.Rc2 h5
30.Re6 Kf7 31.Bb3 Kg7 32.Ba4 g4 33.hxg4 hxg4 34.Nh4 g3 35.Nf5+ Kf7 36.Bb3 gxf2+
37.Kf1  1-0

[Event "XXIII Belgrade Trophy"]
[Site "Obrenovac SRB"]
[Date "2010.11.30"]
[Round "7.88"]
[White "Ratkovic,Petar"]
[Black "Aleksic,C"]
[Result "0-1"]
[WhiteElo "1478"]
[BlackElo "1777"]

1.d4 Nf6 2.Nf3 d5 3.c4 c6 4.Nc3 e6 5.e3 Nbd7 6.Qc2 Be7 7.Bd3 h6 8.O-O O-O
9.e4 dxe4 10.Nxe4 Nxe4 11.Bxe4 Nf6 12.Bf4 Nxe4 13.Qxe4 Bd6 14.Bxd6 Qxd6 15.a3 c5
16.dxc5 Qxc5  0-1

[Event "XXIII Belgrade Trophy"]
[Site "Obrenovac SRB"]
[Date "2010.11.30"]
[Round "7.52"]
[White "Nenezic,M"]
[Black "Krstonijevic,S"]
[Result "1-0"]
[WhiteElo "2165"]
[BlackElo "1998"]

1.Nf3 d5 2.d4 Nf6 3.c4 c6 4.Nc3 e6 5.e3 Nbd7 6.Qc2 Bd6 7.b3 O-O 8.Be2 Re8
9.O-O e5 10.dxe5 Nxe5 11.cxd5 Nxd5 12.Nxd5 cxd5 13.Bb2 Bd7 14.Rfd1 Rc8 15.Qd2 Bc6
16.Nxe5 Bxe5 17.Bf3 Bxb2 18.Qxb2 Rc7 19.Qd4 a6 20.e4 Rd7 21.exd5 Re6 22.Rd2 Red6
23.Rad1 g6 24.dxc6 Rxd4 25.cxd7 Rxd2 26.Rxd2 Kf8 27.g3 Ke7 28.Bxb7 a5 29.Bc6 Kf6
30.Re2  1-0

[Event "77th ch-BRA"]
[Site "Americana BRA"]
[Date "2010.12.01"]
[Round "3"]
[White "Di Berardino,D"]
[Black "Matsuura,E"]
[Result "1-0"]
[WhiteElo "2491"]
[BlackElo "2490"]

1.d4 d5 2.c4 e6 3.Nc3 c6 4.e3 Nf6 5.Nf3 Nbd7 6.Qc2 Bd6 7.Be2 O-O 8.O-O dxc4
9.Bxc4 b5 10.Be2 Bb7 11.Rd1 Qc7 12.e4 e5 13.Bg5 exd4 14.Rxd4 Rfe8 15.Rad1 Bc5
16.R4d2 b4 17.Na4 Bxf2+ 18.Kxf2 Nxe4+ 19.Kg1 Nxd2 20.Rxd2 Ne5 21.Bh4 c5 22.Qxc5 Nxf3+
23.gxf3 Rac8 24.Qxc7 Rxc7 25.b3 Bc8 26.Nb2 Rd7 27.Rc2 Rd6 28.Bb5 Bd7 29.Bg3 Rd5
30.Bc4 Ra5 31.Nd3 Bf5 32.Rd2 Bxd3 33.Bxd3 Rc5 34.Bc4  1-0

[Event "XXIII Belgrade Trophy"]
[Site "Obrenovac SRB"]
[Date "2010.12.01"]
[Round "8.12"]
[White "Milanovic,Da"]
[Black "Stamenkovic,A"]
[Result "1/2-1/2"]
[WhiteElo "2521"]
[BlackElo "2271"]

1.d4 Nf6 2.c4 c6 3.Nc3 d5 4.Nf3 e6 5.e3 Nbd7 6.Qc2 Bd6 7.Bd2 O-O 8.O-O-O e5
9.cxd5 cxd5 10.Nb5 Bb8 11.dxe5 Nxe5 12.Bc3 Qe7 13.Bd4 Rd8 14.Nc3 Bd7 15.h3 Bc6
16.Qf5 Re8 17.Nxe5 Bxe5 18.Kb1 Bxd4 19.Rxd4 Rad8 20.Bd3 Ne4 21.Rc1 g6 22.Qf4 Kg7
23.h4 f6 24.Nxd5 Bxd5 25.Rc7 Rd7 26.Rxd7 Qxd7 27.Bc4 Nd2+ 28.Rxd2 Be4+ 29.Qxe4 Qxd2
30.Qxb7+ Kh6 31.Qf3 Rc8 32.b3 Qb4 33.Kc2  1/2-1/2

[Event "XXIII Belgrade Trophy"]
[Site "Obrenovac SRB"]
[Date "2010.12.01"]
[Round "8.22"]
[White "Djokic,Nen"]
[Black "Ratkovic,Milov"]
[Result "1-0"]
[WhiteElo "2365"]
[BlackElo "2141"]

1.d4 d5 2.c4 c6 3.Nf3 Nf6 4.Nc3 e6 5.e3 Nbd7 6.Qc2 Bd6 7.Bd3 O-O 8.O-O dxc4
9.Bxc4 e5 10.Bb3 Qe7 11.Bd2 e4 12.Ng5 Bxh2+ 13.Kxh2 Ng4+ 14.Kg1 Qxg5 15.Qxe4 Ndf6
16.Qf4 Qxf4 17.exf4 Nh6 18.d5 Nxd5 19.Nxd5 cxd5 20.Bxd5 Rd8 21.Rfe1 Be6 22.Bxb7 Rab8
23.Ba5 Rf8 24.Be4 Rxb2 25.a4 Rc8 26.Red1 f5 27.Bf3 Ng4 28.Rd6 Bb3 29.Rd3 Bf7
30.Rd7 Rbc2 31.Bd1 Rb2 32.Rxa7 Nxf2 33.Bf3 h5 34.Rc7 Rxc7 35.Bxc7 Ne4 36.a5 Bd5
37.a6 Rc2 38.Be5 Rc8 39.Rd1 Bc6 40.a7 Ra8 41.Bb8 Kf7 42.Bxh5+ Ke6 43.Be2 Ke7
44.Ba6 Nf6 45.Rc1 Kd7 46.Kf2 Nd5 47.Kg3 Nf6 48.Be2 Ne4+ 49.Kh4 Nf6 50.g3 Ne8
51.Rxc6  1-0

[Event "WY U-16 Olympiad"]
[Site "Burdur TUR"]
[Date "2010.12.02"]
[Round "7"]
[White "Aghasaryan,R"]
[Black "Artemenko,O"]
[Result "1-0"]
[WhiteElo "2313"]
[BlackElo "2195"]

1.d4 d5 2.c4 e6 3.Nc3 c6 4.e3 Nf6 5.Nf3 Nbd7 6.Qc2 Bd6 7.b3 O-O 8.Be2 b6
9.O-O c5 10.cxd5 exd5 11.Bb2 Bb7 12.Rfd1 Qe7 13.Rac1 Rac8 14.dxc5 bxc5 15.Qf5 Qe6
16.Bd3 g6 17.Qg5 d4 18.Bc4 Qe7 19.exd4 Bxf3 20.gxf3 cxd4 21.Rxd4 Ne5 22.Kg2 Nxc4
23.bxc4 Qe5 24.Qh4 Be7 25.Rd2 Nh5 26.Qd4 Qg5+ 27.Kh1 Rxc4 28.Qxc4 Qxd2 29.Qe2 Qxe2
30.Nxe2 Bf6 31.Bxf6 Nxf6 32.Rc7 Re8 33.Nf4 a5 34.Ra7 Re5 35.Kg1 Rf5 36.Ne2 Rxf3
37.Rxa5 Ne4 38.a4 Rxf2 39.Ng3 Rf4 40.Ra8+ Kg7 41.Ne2 Nc5 42.Nxf4  1-0

[Event "WY U-16 Olympiad"]
[Site "Burdur TUR"]
[Date "2010.12.02"]
[Round "7"]
[White "Tsarouha,Ma"]
[Black "Hiti,D"]
[Result "0-1"]
[WhiteElo "1771"]
[BlackElo "1952"]

1.d4 d5 2.c4 c6 3.Nc3 Nf6 4.e3 e6 5.Nf3 Nbd7 6.Qc2 Bd6 7.Rb1 O-O 8.Bd3 Qe7
9.O-O e5 10.cxd5 cxd5 11.e4 exd4 12.Nxd4 dxe4 13.Nxe4 Nxe4 14.Bxe4 Nf6 15.Bd3 Bxh2+
16.Kxh2 Qe5+ 17.Kg1 Qxd4 18.Bg5 h6 19.Be3 Qh4 20.Rfe1 Ng4 21.Bf4 Be6 22.Bg3 Qg5
23.Qa4 h5 24.Be4 h4 25.Bd6 Rfd8 26.Bxb7 Rxd6 27.Bxa8 h3 28.Qxa7 Rd2 29.Qb8+ Kh7
30.Qg3 h2+ 31.Kh1 Nxf2+ 32.Kxh2 Qh5+ 33.Kg1 Qh1+  0-1

[Event "WY U-16 Olympiad"]
[Site "Burdur TUR"]
[Date "2010.12.02"]
[Round "8"]
[White "Lamawansa,Yasa"]
[Black "Hiti,D"]
[Result "0-1"]
[WhiteElo "1821"]
[BlackElo "1952"]

1.d4 d5 2.c4 c6 3.Nc3 Nf6 4.Nf3 e6 5.e3 Nbd7 6.Bd3 Bd6 7.O-O O-O 8.e4 dxe4
9.Nxe4 Nxe4 10.Bxe4 f5 11.Bc2 c5 12.Ng5 Qf6 13.Re1 Nb6 14.b4 cxd4 15.c5 d3
16.Bb3 Qxa1 17.Nxe6 Bxe6 18.Rxe6 Kh8 19.Rxd6 Rad8 20.Bf4 Qxd1+ 21.Bxd1 Rxd6
22.Bxd6 Re8 23.Kf1 d2 24.Be2 Nd5 25.f4 Nc3  0-1

[Event "XXIII Belgrade Trophy"]
[Site "Obrenovac SRB"]
[Date "2010.12.02"]
[Round "9.34"]
[White "Skare,G"]
[Black "Rajcevic,S"]
[Result "1-0"]
[WhiteElo "2304"]
[BlackElo "2125"]

1.d4 d5 2.c4 c6 3.Nf3 Nf6 4.e3 e6 5.Nc3 Nbd7 6.Qc2 Bd6 7.a3 O-O 8.Be2 a6
9.e4 dxe4 10.Nxe4 Be7 11.O-O c5 12.Nxc5 Nxc5 13.dxc5 Bxc5 14.b4 Be7 15.Bf4 b6
16.Rfd1 Qe8 17.Ne5 Bb7 18.Be3 Bd8 19.Bd4 Bc7 20.Qb3 Qb8 21.f4 Rd8 22.Bf3 Bxf3
23.Qxf3 Bxe5 24.Bxe5 Qa7 25.Bxf6 gxf6 26.Rxd8+ Rxd8 27.Rd1 Qc7 28.Rxd8+ Qxd8
29.Qc3 Qd1+ 30.Kf2 Qa4 31.Kg3 f5 32.c5 bxc5 33.bxc5 Qc6 34.h3 h6 35.a4 Kf8
36.Qb4 Ke7 37.a5 Qe4 38.Qxe4 fxe4 39.Kf2 f5 40.g4  1-0

[Event "77th ch-BRA"]
[Site "Americana BRA"]
[Date "2010.12.03"]
[Round "5"]
[White "Vescovi,G"]
[Black "Fier,A"]
[Result "1/2-1/2"]
[WhiteElo "2622"]
[BlackElo "2572"]

1.d4 Nf6 2.c4 e6 3.Nf3 d5 4.Nc3 c6 5.e3 Nbd7 6.Qc2 Bd6 7.Bd3 dxc4 8.Bxc4 O-O
9.O-O b5 10.Be2 Bb7 11.Rd1 Qc7 12.e4 e5 13.Bg5 exd4 14.Rxd4 Ne5 15.Bxf6 Nxf3+
16.Bxf3 gxf6 17.g3 Rad8 18.Rd2 Be5 19.Bg4 Rxd2 20.Qxd2 Rd8 21.Qe2 Bc8 22.Rc1 Bxc3
23.Rxc3 b4 24.Rc2 c5 25.Bxc8 Qxc8 26.Kg2 Qc6 27.Qg4+ Kh8 28.Qf5 Rc8 29.b3 Kg7
30.Qg4+ Kh8 31.Qf5 Kg7 32.h4 a5 33.Rc4 Qe6 34.Qxe6 fxe6 35.Kf3 Kf7 36.Kf4 Kg6
37.g4 e5+ 38.Ke3 Kf7 39.f4 exf4+ 40.Kxf4 Ke6 41.Rc2 a4 42.Ke3 Ke5 43.Rd2 c4
44.Rd5+ Ke6 45.bxc4 Rxc4 46.Rb5 Kf7 47.Rb7+ Kg6 48.Rb6 Kg7 49.Rb7+ Kg6 50.Rb6  1/2-1/2

[Event "TCh-CZE 2010-11"]
[Site "Czech Rep CZE"]
[Date "2010.12.04"]
[Round "3.8"]
[White "Kociscak,J"]
[Black "Ondrus,M"]
[Result "1/2-1/2"]
[WhiteElo "2285"]
[BlackElo "2284"]

1.d4 d5 2.c4 c6 3.Nc3 Nf6 4.e3 e6 5.Nf3 Nbd7 6.Bd3 Bd6 7.e4 dxe4 8.Nxe4 Nxe4
9.Bxe4 O-O 10.O-O h6 11.b3 e5 12.Bc2 Re8 13.Re1 exd4 14.Rxe8+ Qxe8 15.Qxd4 Be7
16.Bb2 Bf6 17.Qd3 g6 18.Re1 Qf8 19.Bc1 Bg7 20.Bf4 Nf6 21.Qd2 Bg4 22.Bd6 Qc8
23.Qf4 g5 24.Qe3 Bf5 25.Qd2 Bxc2 26.Qxc2 Qd7 27.Bc5 b6 28.Rd1 Qe8 29.Bd6 Rd8
30.Re1 Qd7 31.c5 bxc5 32.Bxc5 a6 33.h3 Qd3 34.Qxd3 Rxd3 35.Ne5 Rd2 36.a4 Rc2
37.b4 Bf8 38.Nd3 Rc4 39.Ne5 Rc2 40.Bxf8 Kxf8 41.Rd1 Ke7 42.Re1  1/2-1/2

[Event "TCh-CZE 2010-11"]
[Site "Czech Rep CZE"]
[Date "2010.12.04"]
[Round "3.8"]
[White "Roubalik,J"]
[Black "Suran,J"]
[Result "1-0"]
[WhiteElo "2275"]
[BlackElo "2371"]

1.d4 d5 2.c4 c6 3.Nc3 Nf6 4.e3 e6 5.Nf3 Nbd7 6.Qc2 Bd6 7.g4 h6 8.Rg1 e5 9.cxd5 Nxd5
10.dxe5 Nxe5 11.Nxe5 Bxe5 12.Qe4 Qe7 13.Nxd5 cxd5 14.Bb5+ Kf8 15.Qxd5 h5
16.h3 hxg4 17.hxg4 Rh4 18.Be2 Bh2 19.Rh1 Bd7 20.Qxb7 Rb8 21.Qxa7 Qb4+ 22.Bd2 Qxb2
23.Rd1 Be6 24.Qc5+ Kg8 25.Bc3 Qb7 26.Rf1 Rh6 27.Qd4 Rg6 28.a4 Rg5 29.Qd2 Bxg4
30.Bxg4 Rxg4 31.a5 Bc7 32.Qd5 Qa6 33.Rh1 Qg6 34.Ke2 Re8 35.Qd7 Qa6+ 36.Ke1 Rge4
37.Qh3 Kf8 38.Qh8+ Ke7 39.Qxg7 Qc6 40.Qg5+  1-0

[Event "31st Crespi Memorial"]
[Site "Milan ITA"]
[Date "2010.12.04"]
[Round "1"]
[White "Saric,S"]
[Black "Quaranta,C"]
[Result "1-0"]
[WhiteElo "2452"]
[BlackElo "2131"]

1.d4 d5 2.c4 c6 3.Nc3 Nf6 4.e3 e6 5.Nf3 Nbd7 6.Qc2 b6 7.Bd2 Bb7 8.Be2 dxc4
9.Bxc4 c5 10.O-O cxd4 11.Nxd4 Rc8 12.Qa4 Qc7 13.Be2 Qb8 14.Bb5 Qa8 15.Rfd1 a6
16.Bf1 Be7 17.b4 O-O 18.Be1 Rfd8 19.f3 Ne5 20.Qb3 Nd5 21.Ne4 Nc6 22.Nc2 Nf6
23.Nc3 Rxd1 24.Rxd1 Rd8 25.Rb1 Ne5 26.Nd4 Nc6 27.Nc2 Ne5 28.Bg3 Ng6 29.e4 Bd6
30.Bf2 Qb8 31.g3 Nd7 32.Ne3 Nge5 33.Be2 Nc6 34.Nc2 Bc7 35.Na4 b5 36.Nc5 Nxc5
37.bxc5 Qc8 38.Be3 Na5 39.Qc3 Bc6 40.Nb4 Be8 41.c6 f6 42.Qc2 Qa8 43.a4 Rb8
44.axb5 axb5 45.Rc1 Bf7 46.Rd1 Nc4 47.Bxc4 bxc4 48.Qxc4 Qa4 49.Rb1 e5 50.Qc5 Ba2
51.Rb2 Be6 52.Kg2 Qa3 53.Bc1 Ba5 54.c7 Rxb4 55.c8=Q+ Bxc8 56.Qd5+ Kf8 57.Rc2 Qa4
58.Rxc8+ Ke7 59.Be3 Rb2+ 60.Kh3 Qd7+  1-0

[Event "2nd Pilsen Open"]
[Site "Plzen CZE"]
[Date "2010.12.04"]
[Round "1"]
[White "Kourousis,E"]
[Black "Khamidov,K"]
[Result "1-0"]
[WhiteElo "2264"]
[BlackElo "1942"]

1.d4 d5 2.c4 c6 3.Nf3 Nf6 4.Nc3 e6 5.e3 Nbd7 6.Qc2 Bd6 7.Be2 dxc4 8.Bxc4 b5
9.Be2 Bb7 10.O-O a6 11.e4 e5 12.Bg5 O-O 13.dxe5 Nxe5 14.Nxe5 Bxe5 15.Rad1 Qc7
16.f4 Bxc3 17.bxc3 Qb6+ 18.Kh1 c5 19.Bf3 Qe6 20.e5 Bxf3 21.Rxf3 Nd5 22.Qe4 Nb6
23.f5 Qxa2 24.Qc6 Nc4 25.Qe4 b4 26.cxb4 cxb4 27.Bf6 Nd2 28.Qg4 g6 29.Qf4 Ne4
30.Qh6  1-0

[Event "TCh-SWE Elitserien 2010-11"]
[Site "Sweden SWE"]
[Date "2010.12.04"]
[Round "5"]
[White "Livner,A"]
[Black "Ernst,T"]
[Result "0-1"]
[WhiteElo "2324"]
[BlackElo "2422"]

1.d4 d5 2.c4 c6 3.Nc3 Nf6 4.e3 e6 5.Nf3 Nbd7 6.Bd3 Bd6 7.O-O O-O 8.e4 dxc4
9.Bxc4 e5 10.Be3 Qe7 11.Bb3 exd4 12.Bxd4 Ne5 13.Bxe5 Bxe5 14.Nxe5 Qxe5 15.f4 Qe7
16.e5 Rd8 17.Qf3 Nd7 18.Bc2 Nc5 19.Qh5 h6 20.Rae1 Rd2 21.Bb1 Rxb2 22.e6 Nxe6
23.Ne4 Qb4 24.f5 Nf8 25.Qf3 Bd7 26.f6 g6 27.Qf4 Kh7 28.Qh4 Qa5 29.Re3 Re8
30.Kh1 Re5 31.Qg3 Be6 32.h4 Nd7 33.Bd3 Bf5 34.Rfe1 Qxa2 35.Ng5+ hxg5 36.Rxe5 Nxe5
37.Bxf5 Re2 38.Rf1 Qd2  0-1

[Event "77th ch-BRA"]
[Site "Americana BRA"]
[Date "2010.12.05"]
[Round "8"]
[White "Barreto Filho,C"]
[Black "Matsuura,E"]
[Result "0-1"]
[WhiteElo "2350"]
[BlackElo "2490"]

1.d4 d5 2.c4 e6 3.Nf3 Nf6 4.Nc3 c6 5.e3 Nbd7 6.Qc2 Bd6 7.Bd3 dxc4 8.Bxc4 O-O
9.O-O Qe7 10.Rd1 c5 11.dxc5 Bxc5 12.Ne4 Nxe4 13.Qxe4 Rb8 14.Qf4 b5 15.Bb3 Rb6
16.e4 e5 17.Qg5 Nf6 18.Be3 Bxe3 19.Qxe3 Bb7 20.Nd2 Ng4 21.Qe2 Qh4 22.h3 Nf6
23.Re1 Bc8 24.Qe3 Nh5 25.Nf3 Qe7 26.Qg5 Qxg5 27.Nxg5 Rg6 28.h4 Bg4 29.Bd1 Nf6
30.Bxg4 Nxg4 31.Rad1 h6 32.Nf3 Rc8 33.Re2 b4 34.g3 Rgc6 35.Nh2 Rc1 36.Rxc1 Rxc1+
37.Kg2 Nxh2 38.Kxh2 Kf8 39.Kg2 Ke7 40.Rd2 Ra1 41.b3 Ke6 42.Kf3 h5 43.Ke3 f6
44.Kf3 g5 45.hxg5 fxg5 46.Kg2 g4 47.f3 Rc1 48.fxg4 hxg4 49.Kf2 Rc3 50.Kf1 Rxg3
51.Rd5 Re3 52.Ra5 Rxe4 53.Rxa7 Rf4+ 54.Kg2 Kf5 55.a4 bxa3 56.Rxa3 Rf3 57.Ra8 Rxb3
58.Rf8+ Ke4 59.Rg8 Kf4 60.Rf8+ Ke3  0-1

[Event "WCh Women"]
[Site "Antakya TUR"]
[Date "2010.12.05"]
[Round "1.2"]
[White "Danielian,E"]
[Black "Shadrina,T"]
[Result "0-1"]
[WhiteElo "2466"]
[BlackElo "2384"]

1.d4 d5 2.c4 c6 3.Nc3 Nf6 4.e3 e6 5.Nf3 Nbd7 6.Qc2 Bd6 7.Bd3 dxc4 8.Bxc4 O-O
9.O-O e5 10.h3 Qe7 11.b3 Re8 12.Ng5 Rf8 13.Nce4 Nxe4 14.Nxe4 exd4 15.Nxd6 Qxd6
16.Rd1 Ne5 17.Rxd4 Qf6 18.Be2 Bf5 19.e4 Be6 20.Bb2 Qg5 21.Qc3 c5 22.Rdd1 f6
23.Rd6 Rfe8 24.Bb5 Re7 25.Rad1 Ng6 26.Rxe6 Nf4 27.g3 Nxe6 28.Bc4 Kh8 29.Rd5 Qg6
30.Qe3 Ng5 31.f3 Nxh3+ 32.Kg2 Ng5 33.Qxc5 Rae8 34.Bb5 Ne6 35.Qd6 Rc8 36.Ba3 Rec7
37.Bc4 Rc6 38.Qd7 Nf4+ 39.Kf2 Nxd5 40.exd5 Qc2+ 41.Kg1 Qg6 42.Kf2 Qc2+ 43.Kg1 Rxc4
44.bxc4 Qxc4 45.d6 Qd4+ 46.Kg2 Qd2+ 47.Kf1 Qd1+ 48.Kg2 Rc2+ 49.Kh3 Qf1+ 50.Kg4 Rc4+
51.f4 Qd1+ 52.Kf5 Qh5+  0-1

[Event "WCh Women"]
[Site "Antakya TUR"]
[Date "2010.12.05"]
[Round "1.2"]
[White "Zhukova,N"]
[Black "Romanko,M"]
[Result "0-1"]
[WhiteElo "2447"]
[BlackElo "2414"]

1.d4 d5 2.c4 c6 3.Nc3 Nf6 4.e3 e6 5.Nf3 Nbd7 6.Bd3 dxc4 7.Bxc4 b5 8.Bd3 Bb7
9.O-O a6 10.e4 c5 11.d5 Qc7 12.dxe6 fxe6 13.Bc2 Bd6 14.Ng5 Nf8 15.f4 O-O-O
16.Qe1 e5 17.Nd5 Bxd5 18.exd5 exf4 19.a4 b4 20.Qe2 c4 21.b3 h6 22.Ne6 Nxe6
23.dxe6 g5 24.bxc4 Qc5+ 25.Kh1 Be5 26.Rb1 Rhe8 27.Bg6 Re7 28.Bb2 Bxb2 29.Rxb2 Rd6
30.Bf7 Rd4 31.Bg6 a5 32.Rc2 Kc7 33.Re1 Nd7 34.Rd2 Rxe6 35.Qxe6 Rxd2 36.Be4 Rd6
37.Qh3 Qxc4 38.Qf5 Qc5 39.Qh7 Qe3 40.Rg1 b3 41.Bf3 Qc3 42.Qe4 b2 43.Qb7+ Kd8
44.Qa8+ Ke7 45.Bh5 Nf6 46.Qh8 Qe3 47.Bg6 f3 48.Qg7+ Kd8 49.Qf8+ Kc7 50.Qa8 fxg2+
51.Qxg2 Qc3 52.Qe2 Qc6+ 53.Rg2 Re6 54.Qf2 Qb7 55.Bb1 Qb4 56.Rg1 Rd6 57.Re1 Qb7+
58.Kg1 Qb6 59.Re3 Rd1+ 60.Kg2 Qc6+ 61.Kg3 Rxb1 62.Re7+ Kd8  0-1

[Event "TCh-HUN 2010-11"]
[Site "Budapest HUN"]
[Date "2010.12.05"]
[Round "4"]
[White "Istvanovszki,M"]
[Black "Hitter,G"]
[Result "1-0"]
[WhiteElo "2282"]
[BlackElo "2050"]

1.d4 d5 2.c4 c6 3.Nf3 Nf6 4.Nc3 e6 5.e3 Nbd7 6.Qc2 Bd6 7.b3 O-O 8.Be2 b6
9.O-O Bb7 10.Bb2 Rc8 11.Rad1 Qc7 12.e4 dxe4 13.Nxe4 Be7 14.Ng3 Rfd8 15.Bd3 h6
16.Qe2 Bd6 17.Ne4 Be7 18.Rfe1 Nxe4 19.Bxe4 Nf6 20.Bb1 Bb4 21.Rf1 Be7 22.Qc2 a6
23.Rfe1 Kf8 24.c5 Rd5 25.b4 a5 26.a3 axb4 27.axb4 Ra8 28.Ne5 Rdd8 29.Nc4 Nd5
30.Qh7 Bf6 31.Be4 bxc5 32.bxc5 Ra2 33.Bb1 Raa8 34.Nd6 Ke7 35.Qe4 Kf8 36.Bc1 Nc3
37.Qh7 Nxb1 38.Nf5 Ke8 39.Qg8+ Kd7 40.Qxf7+ Kc8 41.Qxe6+ Kb8 42.Qb3  1-0

[Event "TCh-CZE 2010-11"]
[Site "Czech Rep CZE"]
[Date "2010.12.05"]
[Round "4.6"]
[White "Cifka,S"]
[Black "Sosna,J"]
[Result "1-0"]
[WhiteElo "2410"]
[BlackElo "2396"]

1.d4 d5 2.c4 e6 3.Nf3 c6 4.e3 Nf6 5.Nc3 Nbd7 6.Qc2 Bd6 7.Bd3 O-O 8.O-O dxc4
9.Bxc4 e5 10.h3 exd4 11.Nxd4 Ne5 12.Be2 Ng6 13.Rd1 Qe7 14.Nf5 Bxf5 15.Qxf5 Rad8
16.Bd2 Bb8 17.Be1 Qc7 18.g3 Rde8 19.Rd4 h5 20.h4 a6 21.Ne4 Nd5 22.Qxh5 Ba7
23.Rxd5 Rxe4 24.Rg5 Qb6 25.Bc3 Rfe8 26.Kh1 Qd8 27.Rd1 Qe7 28.Bd3 Re6 29.Bc4 Rxe3
30.Qxg6  1-0